LEADER 01178nam0 2200349 i 450 001 MIL0390934 005 20231121125546.0 010 $a8843011065 020 $aIT$b99-1140 100 $a20150824d1998 ||||0itac50 ba 101 | $aita 102 $ait 181 1$6z01$ai $bxxxe 182 1$6z01$an 200 1 $aGeografia generale$fRoberto Mainardi 205 $a3. rist 210 $aRoma$cCarocci$d1998 215 $a471 p.$cill.$d22 cm. 225 | $aUniversità$v58 410 0$1001MIL0352453$12001 $aUniversità$v58 606 $aGeografia umana$2FIR$3RMLC004463$9I 606 $aGeografia$2FIR$3RMLC017830$9I 676 $a910$9Geografia e viaggi$v21 700 1$aMainardi$b, Roberto$3RAVV038254$4070$0112553 801 3$aIT$bIT-01$c20150824 850 $aIT-FR0017 899 $aBiblioteca umanistica Giorgio Aprea$bFR0017 912 $aMIL0390934 950 0$aBiblioteca umanistica Giorgio Aprea$d 52CIS 10/1287$e 52VM 0000195265 VM barcode:00043790. - Inventario:18887 FLSVM$fA $h20030318$i20121204 977 $a 52 996 $aGeografia generale$9917305 997 $aUNICAS LEADER 01752nam2 22003011i 450 001 RML0279794 005 20231121125730.0 100 $a20121121d1982 ||||0itac50 ba 101 | $agrc$alat 102 $abe 181 1$6z01$ai $bxxxe 182 1$6z01$an 200 1 $a˜35: Tou œen hagiois patros hemon Gregoriou tou Theologou, archiepiskopou Konstantinoupoleos ta euriskomena panta$dSancti patris nostri Gregorii theologi vulgo Nazianzeni, archiepiscopi Constantinopolitani, opera quae exstant omnia$fcura et studio monachorum Ordinis s. Benedicti e congregatione s. Mauri 210 $aTurnhout $cBrepols $d1982 215 $a1260 col.$d29 cm 300 $aTesto latino a fronte. -In testa al front.: Saeculum 4.. -Rist. anast. dell'ed.: Parisiis : Migne, 1857 461 1$1001RML0279685$12001 $aPatrologiae cursus completus omnium ss. Patrum, doctorum scriptorumque ecclesiasticorum, sive Latinorum sive Graecorum$faccurante J.P. Migne. Series graeca 510 1 $aSancti patris nostri Gregorii theologi vulgo Nazianzeni, archiepiscopi Constantinopolitani, opera quae exstant omnia$9RML0337222 700 1$aGregorius$b, Nazianzenus$c $3RMLV172378$0172537 712 02$aBenedettini Congregazione di San Mauro$3RMLV180224 801 3$aIT$bIT-01$c20121121 850 $aIT-FR0017 899 $aBiblioteca umanistica Giorgio Aprea$bFR0017 912 $aRML0279794 950 2$aBiblioteca umanistica Giorgio Aprea$d 52CIS P.G.35$e 52VM 0000495215 VM barcode:00028837. - Inventario:18325 MAGVM$fB $h20041105$i20121204 977 $a 52 996 $aEn hagiois patros hemon Gregoriou tou Theologou, archiepiskopou Konstantinoupoleos ta euriskomena panta$91484246 997 $aUNICAS LEADER 04872nam 22007215 450 001 9910683353203321 005 20251113195244.0 010 $a9783031284540$b(electronic bk.) 010 $z9783031284533 024 7 $a10.1007/978-3-031-28454-0 035 $a(MiAaPQ)EBC7219850 035 $a(Au-PeEL)EBL7219850 035 $a(OCoLC)1374213090 035 $a(DE-He213)978-3-031-28454-0 035 $a(PPN)269094113 035 $a(CKB)26323411800041 035 $a(EXLCZ)9926323411800041 100 $a20230325d2023 u| 0 101 0 $aeng 135 $aurcnu|||||||| 181 $ctxt$2rdacontent 182 $cc$2rdamedia 183 $acr$2rdacarrier 200 10$aSmart Cities $e5th Ibero-American Congress, ICSC-CITIES 2022, Cuenca, Ecuador, November 28-30, 2022, Revised Selected Papers /$fedited by Sergio Nesmachnow, Luis Hernández Callejo 205 $a1st ed. 2023. 210 1$aCham :$cSpringer Nature Switzerland :$cImprint: Springer,$d2023. 215 $a1 online resource (295 pages) 225 1 $aCommunications in Computer and Information Science,$x1865-0937 ;$v1706 311 08$aPrint version: Nesmachnow, Sergio Smart Cities Cham : Springer,c2023 9783031284533 320 $aIncludes bibliographical references and index. 327 $aComputational intelligence and urban informatics for smart cities -- Synthetic Dataset of Electroluminescence images of Photovoltaic cells by Deep Convolutional Generative Adversarial Networks -- Walking Accessibility to the Public Transport Network in Montevideo, Uruguay -- Artificial intelligence for automatic building extraction from urban aerial images -- Distribution of Police Patrols as a Covering Problem in Smart Cities: Fuengirola Use Case -- Super resolution generative adversarial network for velocity fields in Large Eddy Simulations -- Deep Neural Networks for Global Horizontal Irradiation Forecasting: A comparative study -- Internet of things -- IoT platform for monitoring nutritional and weather conditions of avocado production -- IoT system for thermography analysis of photovoltaic installations -- A new approach to automate the connectivity of electronic devices with an IoT Platform -- Optimization, smartproduction, and smart public services -- Lean Office approach for muda identification in the admission process of university students -- Smart mobility for public transportation systems: Improved bus timetabling for synchronizing transfers -- Classification of Polyethylene Terephthalate bottles in a recycling plant -- Synthesized data generation for public transportation systems -- Analysis of public transportation in Montevideo, Uruguay during the COVID-19 pandemic -- Big Data trends in the analysis of city resources -- Smart monitoring and communications -- Detecting air conditioning usage in households using unsupervised machine learning on smart meter data -- SNS-Based Secret Sharing Scheme for Security of Smart City Communication Systems -- Application of LPWAN technologies based on LoRa in the monitoring of water sources of the Andean wetlands -- Deep Neural Networks for Global Horizontal Irradiation Forecasting: A comparative study. 330 $aThis book constitutes the refereed proceedings of the 5th Ibero-American Congress on Smart Cities, ICSC-Cities 2022, held in Cuenca, Ecuador during November 28?30, 2022. The 17 full papers included in this book were carefully reviewed and selected from 116 submissions. They were organized in topical sections as follows: computational intelligence and urban informatics for smart cities, Internet of things, optimization, smart production, and smart public services and smart monitoring and communications. 410 0$aCommunications in Computer and Information Science,$x1865-0937 ;$v1706 606 $aComputer engineering 606 $aComputer networks 606 $aComputer systems 606 $aSoftware engineering 606 $aArtificial intelligence 606 $aComputer Engineering and Networks 606 $aComputer Communication Networks 606 $aComputer System Implementation 606 $aSoftware Engineering 606 $aArtificial Intelligence 615 0$aComputer engineering. 615 0$aComputer networks. 615 0$aComputer systems. 615 0$aSoftware engineering. 615 0$aArtificial intelligence. 615 14$aComputer Engineering and Networks. 615 24$aComputer Communication Networks. 615 24$aComputer System Implementation. 615 24$aSoftware Engineering. 615 24$aArtificial Intelligence. 676 $a737 676 $a307.760285 702 $aNesmachnow$b Sergio 702 $aHerna?ndez Callejo$b Luis 801 0$bMiAaPQ 801 1$bMiAaPQ 801 2$bMiAaPQ 912 $a9910683353203321 996 $aSmart Cities$93584983 997 $aUNINA